000 00273nam a22001217a 4500
008 170707b xxu||||| |||| 00| 0 eng d
041 _aeng
080 _a82
100 _a23
101 _aENC
245 _aTHE NEW ENCYCLOPEDIA BRITANICA
_cGWINN.R.P
942 _2udc
_cBK
999 _c20089
_d20089